000 00647nam a2200193 i 4500
001 130192
003 ES-MaACL
005 20231027063027.0
007 t|
008 070723s1932 sp ||||1| spa d
100 1 _aZweig, Stefan,
_d1881-1942
_9118562
245 1 3 _aLa confusion des sentiments
_b: (notes intimes du professeur R. de D.) /
_cStefan Zweig ; traduit de l'allemand par Alzir Hella et Olivier Bournac.
260 _aParis :
_b[Legny E. Grevin],
_c1932.
300 _a193 p. ;
_c19 cm.
700 1 _aHella, Alzir.
_962433
700 1 _aBournac, Olivier.
_931008
852 _aES-MaACL
_jA-2070
999 _c130192
_d130192